[Event "ESP-chT CECLUB Div2"]
[Site "Linares"]
[Date "2022.08.26"]
[Round "6.4"]
[White "Teran Alvarez, Ismael"]
[Black "Lopez Martinez, Josep Manuel"]
[Result "0-1"]
[WhiteElo "2371"]
[BlackElo "2486"]
[PlyCount "48"]
[EventDate "2022.08.22"]
[EventType "team-swiss"]
[EventRounds "7"]
[EventCountry "ESP"]
[SourceTitle "CBM 209 Extra"]
[Source "ChessBase"]
[SourceDate "2022.09.30"]
[SourceVersion "1"]
[SourceVersionDate "2022.09.30"]
[SourceQuality "1"]
[WhiteTeam "Sevilla Casa del Ajedrez"]
[BlackTeam "Aimpulsa Granada"]
[WhiteTeamCountry "ESP"]
[BlackTeamCountry "ESP"]

1. e4 c5 2. Nf3 d6 3. d4 cxd4 4. Nxd4 Nf6 5. Nc3 a6 6. h3 e6 7. g4 h6 8. Bg2 g5 9. Nde2 Nfd7 10. Ng3 Nc6 11. 0-0 Nce5 12. Be3 Qc7 13. Bd4 b6 14. f4 gxf4 15. Rxf4 Bb7 16. Qe2 0-0-0 17. Qf2 Be7 18. Nh5 Bg5 19. Rxf7 Nxf7 20. Qxf7 Rhe8 21. Kh1 Re7 22. Qf2 Rf8 23. Qg1 b5 24. a3 Ne5 0-1

[Event "ESP-chT CECLUB Div2"]
[Site "Linares"]
[Date "2022.08.24"]
[Round "3.7"]
[White "Teran Alvarez, Ismael"]
[Black "Bernal Moro, Luis Javier"]
[Result "1/2-1/2"]
[WhiteElo "2371"]
[BlackElo "2404"]
[PlyCount "60"]
[EventDate "2022.08.22"]
[EventType "team-swiss"]
[EventRounds "7"]
[EventCountry "ESP"]
[SourceTitle "CBM 209 Extra"]
[Source "ChessBase"]
[SourceDate "2022.09.30"]
[SourceVersion "1"]
[SourceVersionDate "2022.09.30"]
[SourceQuality "1"]
[WhiteTeam "Sevilla Casa del Ajedrez"]
[BlackTeam "Solvay II"]
[WhiteTeamCountry "ESP"]
[BlackTeamCountry "ESP"]

1. e4 c5 2. Nf3 d6 3. Bb5+ Bd7 4. Bxd7+ Nxd7 5. 0-0 Ngf6 6. Qe2 e6 7. b3 Be7 8. Bb2 0-0 9. c4 a6 10. d4 cxd4 11. Nxd4 Rc8 12. Nc3 Qa5 13. Rad1 Rfe8 14. Rfe1 Bd8 15. Na4 Bc7 16. Bc3 Qg5 17. Nf3 Qh5 18. e5 Nxe5 19. Nxe5 Qxe2 20. Rxe2 dxe5 21. Nc5 Rb8 22. Bxe5 Bxe5 23. Rxe5 Kf8 24. Re2 Re7 25. Red2 Rc7 26. Nd7+ Nxd7 27. Rxd7 Rbc8 28. g3 Ke8 29. R7d6 Rc6 30. Rd7 R6c7 1/2-1/2

[Event "ESP-chT CECLUB Div2"]
[Site "Linares"]
[Date "2021.08.11"]
[Round "4.7"]
[White "Teran Alvarez, Ismael"]
[Black "Ortega Ruiz, Jose Miguel"]
[Result "1/2-1/2"]
[WhiteElo "2381"]
[BlackElo "2322"]
[PlyCount "62"]
[EventDate "2021.08.09"]
[EventType "team-swiss"]
[EventRounds "7"]
[EventCountry "ESP"]
[SourceTitle "CBM 203 Extra"]
[Source "ChessBase"]
[SourceDate "2021.09.30"]
[SourceVersion "1"]
[SourceVersionDate "2021.09.30"]
[SourceQuality "1"]
[WhiteTeam "Sevilla Casa del Ajedrez"]
[BlackTeam "Alcorcon Diagonal"]
[WhiteTeamCountry "ESP"]
[BlackTeamCountry "ESP"]

1. c4 e5 2. g3 Nf6 3. Bg2 d5 4. cxd5 Nxd5 5. Nf3 Nc6 6. 0-0 Nb6 7. b3 Be7 8. Bb2 Bf6 9. Nc3 Bf5 10. d3 Qd7 11. Rc1 0-0 12. Nd2 Bh3 13. Nce4 Be7 14. Nc5 Bxc5 15. Rxc5 Bxg2 16. Kxg2 Rfe8 17. Qc2 Re6 18. Nf3 Rae8 19. a3 Rh6 20. h4 Nd5 21. Rh1 Rd6 22. e3 h6 23. b4 a6 24. h5 Rde6 25. Rh4 Nf6 26. d4 e4 27. Ne5 Qd6 28. Qc4 R8e7 29. a4 Nb8 30. Qb3 Nbd7 31. Rc1 Nb6 1/2-1/2

[Event "ESP-ch 85th"]
[Site "Linares"]
[Date "2020.09.04"]
[Round "5"]
[White "Teran Alvarez, Ismael"]
[Black "Habans Aguerrea, Javier"]
[Result "1/2-1/2"]
[WhiteElo "2381"]
[BlackElo "2181"]
[PlyCount "62"]
[EventDate "2020.08.31"]
[EventType "swiss"]
[EventRounds "9"]
[EventCountry "ESP"]
[SourceTitle "EXT 2021"]
[Source "ChessBase"]
[SourceDate "2020.10.23"]
[SourceVersion "1"]
[SourceVersionDate "2020.10.23"]
[SourceQuality "1"]

1. c4 e5 2. e3 Nf6 3. Nc3 d5 4. cxd5 Nxd5 5. Nf3 Nc6 6. Bb5 Nxc3 7. bxc3 Bd6 8. d4 exd4 9. cxd4 0-0 10. 0-0 Bg4 11. Be2 Re8 12. h3 Bf5 13. Bd3 Bxd3 14. Qxd3 Nb4 15. Qb1 Qd7 16. Bd2 Nd5 17. Qxb7 Rab8 18. Qa6 Re6 19. Qd3 Rg6 20. Kh1 Rh6 21. Ng1 f5 22. Rab1 Re8 23. Qb3 c6 24. e4 fxe4 25. Bxh6 gxh6 26. Rfc1 Bc7 27. Qd1 Qd6 28. Qg4+ Kh8 29. Qg3 Qf6 30. Qg4 Qd6 31. Qg3 Qf6 1/2-1/2

[Event "Iberoamerican-ch 7th"]
[Site "Linares"]
[Date "2019.08.13"]
[Round "4"]
[White "Teran Alvarez, Ismael"]
[Black "Almagro Mazariegos, Sebastian"]
[Result "1/2-1/2"]
[WhiteElo "2392"]
[BlackElo "2268"]
[PlyCount "75"]
[EventDate "2019.08.10"]
[EventType "swiss"]
[EventRounds "9"]
[EventCountry "ESP"]
[SourceTitle "CBM 191 Extra"]
[Source "ChessBase"]
[SourceDate "2019.09.30"]
[SourceVersion "1"]
[SourceVersionDate "2019.09.30"]
[SourceQuality "1"]

1. e4 c5 2. Nf3 d6 3. d4 cxd4 4. Qxd4 a6 5. h3 Nc6 6. Qe3 Nf6 7. c4 e6 8. Be2 Be7 9. 0-0 0-0 10. Rd1 Qc7 11. Nc3 b6 12. b3 Bb7 13. Bb2 Rfd8 14. Rac1 Ne5 15. Nd4 Ned7 16. Nd5 exd5 17. cxd5 Qb8 18. Nc6 Bxc6 19. dxc6 Nc5 20. b4 Ne6 21. e5 Ne8 22. f4 dxe5 23. Bxe5 Bd6 24. Rxd6 Rxd6 25. f5 N6c7 26. Bxd6 Nxd6 27. Bf3 Nxf5 28. Qf2 g6 29. Rd1 b5 30. Rd7 Ne6 31. c7 Nxc7 32. Bxa8 Nxa8 33. Qa7 Qe8 34. Rb7 Qe1+ 35. Kh2 Qg3+ 36. Kg1 Qe1+ 37. Kh2 Qg3+ 38. Kg1 1/2-1/2

[Event "Iberoamerican-ch 7th"]
[Site "Linares"]
[Date "2019.08.10"]
[Round "1"]
[White "Garcia Morales, Ivette Alejandra"]
[Black "Teran Alvarez, Ismael"]
[Result "1/2-1/2"]
[WhiteElo "1988"]
[BlackElo "2392"]
[PlyCount "62"]
[EventDate "2019.08.10"]
[EventType "swiss"]
[EventRounds "9"]
[EventCountry "ESP"]
[SourceTitle "CBM 191 Extra"]
[Source "ChessBase"]
[SourceDate "2019.09.30"]
[SourceVersion "1"]
[SourceVersionDate "2019.09.30"]
[SourceQuality "1"]

1. d4 e6 2. Nf3 f5 3. g3 Nf6 4. Bg2 d5 5. 0-0 Bd6 6. c4 c6 7. b3 Qe7 8. a4 a5 9. Ba3 Bxa3 10. Nxa3 0-0 11. Ne5 Nbd7 12. Nxd7 Bxd7 13. Qc1 Be8 14. Nc2 Bh5 15. Qd2 Kh8 16. f4 b6 17. Bf3 Rad8 18. c5 bxc5 19. Qxa5 cxd4 20. Nxd4 Ra8 21. Qb6 Bxf3 22. exf3 c5 23. Qxe6 Qb7 24. Nb5 g6 25. Rac1 Ra6 26. Qe3 c4 27. bxc4 Rxa4 28. Nd6 Qa7 29. Qxa7 Rxa7 30. c5 Rc7 31. Nb5 Rb7 1/2-1/2

[Event "Dos Hermanas rapid 31st"]
[Site "Dos Hermanas"]
[Date "2019.05.25"]
[Round "7"]
[White "Aguilar Martin, Jorge"]
[Black "Teran Alvarez, Ismael"]
[Result "0-1"]
[WhiteElo "1931"]
[BlackElo "2390"]
[PlyCount "94"]
[EventDate "2019.05.25"]
[EventType "swiss (rapid)"]
[EventRounds "8"]
[EventCountry "ESP"]
[SourceTitle "CBM 190 Extra"]
[Source "ChessBase"]
[SourceDate "2019.07.15"]
[SourceVersion "1"]
[SourceVersionDate "2019.07.15"]
[SourceQuality "1"]

1. c4 b6 2. Nc3 e6 3. e4 Bb7 4. d3 c5 5. Nge2 Nc6 6. g3 g6 7. Bg2 Bg7 8. Bd2 Nge7 9. 0-0 0-0 10. a3 Ne5 11. Qc2 d5 12. f4 dxc4 13. dxc4 Nxc4 14. Rad1 Nxd2 15. Rxd2 Qe8 16. Rfd1 Nc6 17. Nb5 Nb4 18. Qb3 Qxb5 19. axb4 a5 20. e5 Bxg2 21. Kxg2 axb4 22. Rc2 Rad8 23. Rcd2 Rxd2 24. Rxd2 Qc6+ 25. Qf3 Qxf3+ 26. Kxf3 f6 27. exf6 Bxf6 28. Rd6 Bxb2 29. Rxb6 Rc8 30. Rxe6 c4 31. Rb6 b3 32. Ke4 Bg7 33. Ke3 Re8+ 34. Kd2 Rd8+ 35. Kc1 Re8 36. Kd2 b2 37. Nc3 Rd8+ 38. Kc2 Rd3 39. Rb8+ Kf7 40. Ne4 Re3 41. Rb7+ Kf8 42. Rb8+ Ke7 43. Rb7+ Kd8 44. Nd2 Re2 45. Kd1 Rxh2 46. Nxc4 Rh1+ 47. Kc2 Rc1+ 0-1

[Event "Dos Hermanas rapid 31st"]
[Site "Dos Hermanas"]
[Date "2019.05.25"]
[Round "4"]
[White "Teran Alvarez, Ismael"]
[Black "Quesada Aguilera, Antonio"]
[Result "1-0"]
[WhiteElo "2390"]
[BlackElo "2022"]
[PlyCount "77"]
[EventDate "2019.05.25"]
[EventType "swiss (rapid)"]
[EventRounds "8"]
[EventCountry "ESP"]
[SourceTitle "CBM 190 Extra"]
[Source "ChessBase"]
[SourceDate "2019.07.15"]
[SourceVersion "1"]
[SourceVersionDate "2019.07.15"]
[SourceQuality "1"]

1. c4 e5 2. g3 Nc6 3. Bg2 Nf6 4. Nc3 h6 5. d3 Bb4 6. Bd2 0-0 7. Nf3 Re8 8. 0-0 d6 9. a3 Bxc3 10. Bxc3 Rb8 11. b4 a6 12. a4 e4 13. Nd4 Nxd4 14. Bxd4 exd3 15. exd3 Bf5 16. Qd2 c5 17. Bb2 Nd7 18. d4 Qg5 19. Qxg5 hxg5 20. bxc5 dxc5 21. Rfd1 Re2 22. Ba3 Bc2 23. Rdc1 Bxa4 24. dxc5 Bc6 25. Bd5 Nf6 26. Rd1 Rbe8 27. Rab1 Ne4 28. Rb2 Rxb2 29. Bxb2 Nxc5 30. Bd4 Ne6 31. Be3 g4 32. Ra1 Nc7 33. Bxc6 bxc6 34. Bb6 Ne6 35. Rxa6 Rb8 36. Be3 Rc8 37. Kg2 Kh7 38. c5 f5 39. Ra7 1-0

[Event "Andalucia-chT Honor Occidental"]
[Site "Andalucia"]
[Date "2018.11.18"]
[Round "7.1"]
[White "Campora, Daniel Hugo"]
[Black "Teran Alvarez, Ismael"]
[Result "1/2-1/2"]
[WhiteElo "2413"]
[BlackElo "2392"]
[PlyCount "34"]
[EventDate "2018.09.30"]
[EventType "team-tourn"]
[EventRounds "7"]
[EventCountry "ESP"]
[SourceTitle "EXT 2020"]
[Source "ChessBase"]
[SourceDate "2019.10.17"]
[SourceVersion "1"]
[SourceVersionDate "2019.10.17"]
[SourceQuality "1"]
[WhiteTeam "Oromana CEN Solutions"]
[BlackTeam "Gomez Feria CAS"]
[WhiteTeamCountry "ESP"]
[BlackTeamCountry "ESP"]

1. Nf3 d6 2. d4 Nf6 3. g3 g6 4. Bg2 Bg7 5. 0-0 0-0 6. c4 c6 7. Nc3 Bf5 8. Re1 Ne4 9. Nxe4 Bxe4 10. Be3 d5 11. Qb3 Qb6 12. Ne5 Bxg2 13. Kxg2 e6 14. Red1 Qc7 15. Bf4 Qb6 16. Be3 Qc7 17. Bf4 Qb6 1/2-1/2

[Event "ESP-ch 83rd"]
[Site "Linares"]
[Date "2018.08.24"]
[Round "5"]
[White "Garcia Romero, Benjamin Abel"]
[Black "Teran Alvarez, Ismael"]
[Result "0-1"]
[WhiteElo "2230"]
[BlackElo "2377"]
[PlyCount "84"]
[EventDate "2018.08.20"]
[EventType "swiss"]
[EventRounds "9"]
[EventCountry "ESP"]
[SourceTitle "CBM 186 Extra"]
[Source "ChessBase"]
[SourceDate "2018.08.24"]
[SourceVersion "1"]
[SourceVersionDate "2018.08.24"]
[SourceQuality "1"]

1. e4 c5 2. Nf3 e6 3. d4 cxd4 4. Nxd4 a6 5. Bd3 Qc7 6. Qe2 d6 7. 0-0 Nf6 8. f4 Be7 9. Kh1 0-0 10. Bd2 Nbd7 11. Nc3 b5 12. Rae1 b4 13. Nd1 Rb8 14. e5 Nd5 15. Nf2 Nc5 16. Bc4 Bb7 17. Ng4 Nb6 18. Bd3 Nxd3 19. cxd3 Qc5 20. Be3 Qd5 21. Bg1 dxe5 22. fxe5 Nd7 23. Rf3 a5 24. Rh3 Bc5 25. Nf3 Be7 26. b3 Ba6 27. Nd4 Rbc8 28. Rf1 Bg5 29. Rh5 Be7 30. Nf6+ Bxf6 31. exf6 Bxd3 32. Qg4 Nxf6 33. Rxf6 Qd8 34. Rf1 Bxf1 35. Nxe6 fxe6 36. Qxe6+ Kh8 37. Qg6 Bxg2+ 38. Kxg2 Qd2+ 39. Kh1 h6 40. Re5 Qc2 41. Qxc2 Rxc2 42. Rxa5 Rf1 0-1

[Event "ESP-ch 83rd"]
[Site "Linares"]
[Date "2018.08.23"]
[Round "4"]
[White "Asis Gargatagli, Hipolito"]
[Black "Teran Alvarez, Ismael"]
[Result "1/2-1/2"]
[WhiteElo "2515"]
[BlackElo "2377"]
[PlyCount "53"]
[EventDate "2018.08.20"]
[EventType "swiss"]
[EventRounds "9"]
[EventCountry "ESP"]
[SourceTitle "CBM 186 Extra"]
[Source "ChessBase"]
[SourceDate "2018.08.24"]
[SourceVersion "1"]
[SourceVersionDate "2018.08.24"]
[SourceQuality "1"]

1. e4 e5 2. Nf3 d6 3. Bc4 Be7 4. d3 Nf6 5. 0-0 0-0 6. Re1 c6 7. Bb3 Bg4 8. Nbd2 Nbd7 9. c3 Nc5 10. Bc2 Ne6 11. h3 Bh5 12. Nf1 Nd7 13. Ng3 Bxf3 14. Qxf3 g6 15. Bh6 Re8 16. Nf1 Bg5 17. Bxg5 Qxg5 18. g3 Rf8 19. h4 Qf6 20. Qxf6 Nxf6 21. Ne3 Kg7 22. Rad1 Rad8 23. Bb3 Nc5 24. Bc2 Ne6 25. Bb3 Nc5 26. Bc2 Ne6 27. Bb3 1/2-1/2

[Event "ESP-ch 83rd"]
[Site "Linares"]
[Date "2018.08.21"]
[Round "2"]
[White "Teran Alvarez, Ismael"]
[Black "Diaz Castro, Ismael"]
[Result "1-0"]
[WhiteElo "2377"]
[BlackElo "2212"]
[PlyCount "55"]
[EventDate "2018.08.20"]
[EventType "swiss"]
[EventRounds "9"]
[EventCountry "ESP"]
[SourceTitle "CBM 186 Extra"]
[Source "ChessBase"]
[SourceDate "2018.08.24"]
[SourceVersion "1"]
[SourceVersionDate "2018.08.24"]
[SourceQuality "1"]

1. Nf3 Nf6 2. g3 g6 3. Bg2 Bg7 4. 0-0 0-0 5. c4 d6 6. d4 c6 7. Nc3 Bf5 8. Ne1 Be6 9. d5 cxd5 10. cxd5 Bd7 11. Nd3 Na6 12. Bf4 Nc7 13. Qb3 a5 14. a4 b5 15. axb5 Nxb5 16. Nxb5 Rb8 17. Bd2 Rxb5 18. Qa2 Qa8 19. Nb4 Rfb8 20. Nc6 Rxb2 21. Qxa5 Qxa5 22. Bxa5 Bxc6 23. dxc6 d5 24. c7 Rc8 25. Rab1 Nd7 26. Rxb2 Bxb2 27. Bxd5 Be5 28. Rc1 1-0

[Event "ESP-ch 82nd"]
[Site "Las Palmas"]
[Date "2017.10.03"]
[Round "5"]
[White "Garcia Blanco, Omar"]
[Black "Teran Alvarez, Ismael"]
[Result "1-0"]
[WhiteElo "2241"]
[BlackElo "2384"]
[PlyCount "147"]
[EventDate "2017.09.29"]
[EventType "swiss"]
[EventRounds "9"]
[EventCountry "ESP"]
[SourceTitle "CBM 181 Extra"]
[Source "ChessBase"]
[SourceDate "2017.12.12"]
[SourceVersion "1"]
[SourceVersionDate "2017.12.12"]
[SourceQuality "1"]

1. e4 c5 2. c3 d5 3. exd5 Qxd5 4. d4 Nc6 5. Nf3 Bf5 6. Be3 Nf6 7. Na3 cxd4 8. Nb5 0-0-0 9. Nbxd4 Ng4 10. Nxc6 Qxc6 11. Qb3 Nxe3 12. fxe3 Be6 13. Qb4 Bd5 14. Qg4+ e6 15. Be2 h5 16. Qg3 h4 17. Qf2 h3 18. g3 Rh6 19. Nd4 Qb6 20. 0-0 Rf6 21. Qe1 e5 22. Bg4+ Kb8 23. Nb3 Rxf1+ 24. Kxf1 Qg6 25. Bxh3 Qe4 26. Qf2 Qh1+ 27. Qg1 Bc4+ 28. Kf2 Qe4 29. Qg2 Qh7 30. Kg1 Bd5 31. Qf1 Qe4 32. Bg2 Qxe3+ 33. Kh1 Bxg2+ 34. Qxg2 f5 35. Rf1 g6 36. Qf2 Qd3 37. Re1 e4 38. Kg2 Qd5 39. Qd4 Qxd4 40. Nxd4 Bc5 41. Nb3 Bb6 42. g4 Kc7 43. Rf1 Rf8 44. Nd2 Bc5 45. h4 e3 46. Nb3 Be7 47. gxf5 Bxh4 48. Nd4 gxf5 49. Rf4 Rg8+ 50. Kf3 Rg3+ 51. Ke2 Rg2+ 52. Kd3 Bg5 53. Rxf5 Rd2+ 54. Kc4 Bh6 55. Rf6 Rh2 56. a4 Kd7 57. Rf7+ Kc8 58. b4 a6 59. Re7 Bg5 60. Re5 Bh6 61. Nf5 Bf4 62. Re4 Bg5 63. Nxe3 Bxe3 64. Rxe3 Kb8 65. Rd3 Rh4+ 66. Rd4 Rh3 67. a5 Rg3 68. Rd3 Rg5 69. Kd4 Rh5 70. Re3 Kc7 71. Re5 Rh3 72. c4 Kc6 73. Re6+ Kd7 74. Re3 1-0

[Event "ESP-ch rapid"]
[Site "Linares"]
[Date "2017.08.13"]
[Round "9"]
[White "Teran Alvarez, Ismael"]
[Black "Domingo Nunez, Ruben"]
[Result "0-1"]
[WhiteElo "2384"]
[BlackElo "2283"]
[PlyCount "56"]
[EventDate "2017.08.13"]
[EventType "swiss (rapid)"]
[EventRounds "9"]
[EventCountry "ESP"]
[SourceTitle "CBM 179 Extra"]
[Source "ChessBase"]
[SourceDate "2017.08.23"]
[SourceVersion "1"]
[SourceVersionDate "2017.08.23"]
[SourceQuality "1"]

1. e4 e6 2. d4 d5 3. Nc3 Bb4 4. e5 c5 5. a3 Bxc3+ 6. bxc3 Qa5 7. Bd2 Qa4 8. Qb1 c4 9. h4 Nc6 10. h5 h6 11. f4 Nge7 12. Nf3 Bd7 13. Qb2 0-0-0 14. Rb1 b6 15. g4 f6 16. Be3 Rdf8 17. Nh4 Be8 18. Kd2 fxe5 19. fxe5 g5 20. Ng2 Rf3 21. Be2 Rg3 22. Rh2 Rf8 23. Qc1 Qa5 24. Qe1 Rxe3 25. Kxe3 Qxa3 26. Ra1 Qb2 27. Kd2 Nxd4 28. Ne3 Nb3+ 0-1

[Event "ESP-ch rapid"]
[Site "Linares"]
[Date "2017.08.13"]
[Round "3"]
[White "Teran Alvarez, Ismael"]
[Black "Vazquez Igarza, Renier"]
[Result "0-1"]
[WhiteElo "2384"]
[BlackElo "2574"]
[PlyCount "72"]
[EventDate "2017.08.13"]
[EventType "swiss (rapid)"]
[EventRounds "9"]
[EventCountry "ESP"]
[SourceTitle "CBM 179 Extra"]
[Source "ChessBase"]
[SourceDate "2017.08.23"]
[SourceVersion "1"]
[SourceVersionDate "2017.08.23"]
[SourceQuality "1"]

1. c4 e5 2. g3 Nf6 3. Bg2 d5 4. cxd5 Nxd5 5. Nf3 Nc6 6. 0-0 Nb6 7. d3 Be7 8. b3 Bf6 9. e4 Bg4 10. Ba3 Qd7 11. Nc3 0-0-0 12. Qc1 h5 13. Nd5 Nxd5 14. exd5 Bxf3 15. dxc6 Bxc6 16. Bxc6 Qxc6 17. Qxc6 bxc6 18. Rac1 Kb7 19. Rc4 Rxd3 20. Rfc1 Rd4 21. Rxc6 Rd1+ 22. Rxd1 Kxc6 23. Kf1 Rd8 24. Rc1+ Kb7 25. Ke2 Bg5 26. Rc2 e4 27. h4 Bh6 28. Bc5 g6 29. b4 a6 30. a4 Rd3 31. a5 c6 32. Be7 f5 33. Bc5 Bg7 34. Be3 Bc3 35. Bc5 Bd4 36. Be7 Rf3 0-1

[Event "Elgoibar 26th"]
[Site "Elgoibar"]
[Date "2016.12.16"]
[Round "4"]
[White "Teran Alvarez, Ismael"]
[Black "Strikovic, Aleksa"]
[Result "1/2-1/2"]
[WhiteElo "2388"]
[BlackElo "2506"]
[PlyCount "21"]
[EventDate "2016.12.14"]
[EventType "tourn"]
[EventRounds "9"]
[EventCountry "ESP"]
[EventCategory "7"]
[SourceTitle "CBM 176 Extra"]
[Source "ChessBase"]
[SourceDate "2017.03.02"]
[SourceVersion "1"]
[SourceVersionDate "2017.03.02"]
[SourceQuality "1"]

1. e4 d6 2. d4 Nf6 3. Nc3 e5 4. Nf3 Nbd7 5. Bc4 Be7 6. a4 0-0 7. a5 exd4 8. Qxd4 Ng4 9. Nd5 Nde5 10. Nxe5 Nxe5 11. 0-0 1/2-1/2

[Event "ESP-chT CECLUB Div1"]
[Site "Linares"]
[Date "2016.08.24"]
[Round "5"]
[White "Martinez Ramirez, Erik"]
[Black "Teran Alvarez, Ismael"]
[Result "0-1"]
[WhiteElo "2285"]
[BlackElo "2413"]
[PlyCount "66"]
[EventDate "2016.08.20"]
[EventType "team-tourn"]
[EventRounds "7"]
[EventCountry "ESP"]
[SourceTitle "CBM 174 Extra"]
[Source "ChessBase"]
[SourceDate "2016.10.10"]
[SourceVersion "1"]
[SourceVersionDate "2016.10.10"]
[SourceQuality "1"]
[WhiteTeam "D'Escas Barbera"]
[BlackTeam "Oromana Schneider Electric"]
[WhiteTeamCountry "ESP"]
[BlackTeamCountry "ESP"]

1. e4 g6 2. d4 Bg7 3. Nc3 c6 4. Be3 d5 5. Qd2 dxe4 6. Nxe4 Nd7 7. 0-0-0 Ngf6 8. Nxf6+ Nxf6 9. Nf3 0-0 10. Ne5 Be6 11. Bc4 Bxc4 12. Nxc4 Qd5 13. b3 Qxg2 14. Rhg1 Qh3 15. Ne5 Rad8 16. Qb4 Nd5 17. Qxb7 Nxe3 18. Rg3 Qxh2 19. Rxe3 Qxf2 20. Re4 Bxe5 21. Rxe5 Rxd4 22. Rde1 e6 23. Qxc6 Rfd8 24. a4 h5 25. Kb2 h4 26. R5e2 Qf4 27. Re3 Rd2 28. Rf3 Rxc2+ 29. Kxc2 Qd2+ 30. Kb1 Qxe1+ 31. Ka2 Qd2+ 32. Kb1 Qe2 33. Rc3 Rd4 0-1

[Event "ESP-chT CECLUB Div1"]
[Site "Linares"]
[Date "2016.08.22"]
[Round "3"]
[White "Granero Roca, Antonio"]
[Black "Teran Alvarez, Ismael"]
[Result "1/2-1/2"]
[WhiteElo "2417"]
[BlackElo "2413"]
[PlyCount "84"]
[EventDate "2016.08.20"]
[EventType "team-tourn"]
[EventRounds "7"]
[EventCountry "ESP"]
[SourceTitle "CBM 174 Extra"]
[Source "ChessBase"]
[SourceDate "2016.10.10"]
[SourceVersion "1"]
[SourceVersionDate "2016.10.10"]
[SourceQuality "1"]
[WhiteTeam "Silla CA"]
[BlackTeam "Oromana Schneider Electric"]
[WhiteTeamCountry "ESP"]
[BlackTeamCountry "ESP"]

1. d4 Nf6 2. c4 e6 3. Nf3 d5 4. g3 dxc4 5. Bg2 Nc6 6. 0-0 Rb8 7. Bg5 Be7 8. a4 h6 9. Bxf6 Bxf6 10. e3 Na5 11. Qc2 c5 12. Na3 Qc7 13. Rac1 cxd4 14. Nxd4 Bxd4 15. exd4 0-0 16. b4 Qe7 17. Rb1 Bd7 18. Qc3 Nc6 19. Nxc4 Rfc8 20. b5 Nd8 21. Qb3 Be8 22. Rbc1 Rc7 23. Ne3 Rbc8 24. Rxc7 Qxc7 25. d5 Qc3 26. Qd1 Bd7 27. Qg4 Qc7 28. Qe4 a6 29. bxa6 bxa6 30. Rd1 Qa5 31. h4 Qxa4 32. Qe5 Qa5 33. Qd6 Bb5 34. Bh3 Qc7 35. Qb4 Qc5 36. Qf4 Bd7 37. Kh2 a5 38. Rd4 Qe7 39. Rd2 Qb4 40. Rd4 Qe7 41. Rd2 Qb4 42. Rd4 Qe7 1/2-1/2